Online katalóg knižníc regiónu Turca

Kniha krátkych lások, čo trvajú večne (Record no. 22119)

MARC details
000 -LEADER
fixed length control field 01747cam a2200493 a 4500
001 - CONTROL NUMBER
control field 22119
003 - CONTROL NUMBER IDENTIFIER
control field VRT
005 - DATE AND TIME OF LATEST TRANSACTION
control field 20260320111108.0
008 - FIXED-LENGTH DATA ELEMENTS--GENERAL INFORMATION
fixed length control field 240314s2014 xo e 000 j slo
015 ## - NATIONAL BIBLIOGRAPHY NUMBER
National bibliography number SNBA2014/12
020 ## - INTERNATIONAL STANDARD BOOK NUMBER
International Standard Book Number 9788089737024
Qualifying information (viaz.)
035 ## - SYSTEM CONTROL NUMBER
System control number 2FA5CE8D-C478-4B5E-80CE-02885EB50C2F
035 ## - SYSTEM CONTROL NUMBER
System control number urn:nbn:sk:snk-amjp8z
035 ## - SYSTEM CONTROL NUMBER
System control number urn:nbn:sk:snk-am001y73
039 #9 - LEVEL OF BIBLIOGRAPHIC CONTROL AND CODING DETAIL [OBSOLETE]
Level of rules in bibliographic description 202403141426
Level of effort used to assign nonsubject heading access points VLOAD
Level of effort used to assign subject headings 202003211350
Level of effort used to assign classification AUTHORITY
Level of effort used to assign subject headings 201810121020
Level of effort used to assign classification AUTHORITY
Level of effort used to assign subject headings 201702161108
Level of effort used to assign classification AUTHORITY
040 ## - CATALOGING SOURCE
Original cataloging agency SNK
Language of cataloging slo
Transcribing agency SNK
Description conventions AACR2
041 1# - LANGUAGE CODE
Language code of text/sound track or separate title slo
Language code of original fre
044 ## - COUNTRY OF PUBLISHING/PRODUCING ENTITY CODE
MARC country code xo
ISO country code SK
072 #7 - SUBJECT CATEGORY CODE
Subject category code 821.133.1-3
Subject category code subdivision Francúzska próza, francúzsky písaná
Source konspekt
080 ## - UNIVERSAL DECIMAL CLASSIFICATION NUMBER
Universal Decimal Classification number 821.133.1-31
Edition identifier 2001
080 ## - UNIVERSAL DECIMAL CLASSIFICATION NUMBER
Universal Decimal Classification number (0:82-31)
Edition identifier 2001
100 1# - MAIN ENTRY--PERSONAL NAME
Personal name Makine, Andreï,
Dates associated with a name 1957-
Relationship aut
240 13 - UNIFORM TITLE
Uniform title Le livre des breves amours éternelles
Language of a work Slovensky
245 10 - TITLE STATEMENT
Title Kniha krátkych lások, čo trvajú večne
Statement of responsibility, etc. Andrei Makine ; preklad [z francúzskeho originálu ...] Aňa Ostrihoňová
250 ## - EDITION STATEMENT
Edition statement 1. vyd.
260 ## - PUBLICATION, DISTRIBUTION, ETC.
Place of publication, distribution, etc. Bratislava
Name of publisher, distributor, etc. Inaque
Date of publication, distribution, etc. 2014
300 ## - PHYSICAL DESCRIPTION
Extent 127 s.
Dimensions 21 cm
366 ## - TRADE AVAILABILITY INFORMATION
Note 700 výt.
490 1# - SERIES STATEMENT
Series statement Pro libris
655 #7 - INDEX TERM--GENRE/FORM
Genre/form data or focus term francúzske romány
Source of term SNKPH
655 #7 - INDEX TERM--GENRE/FORM
Genre/form data or focus term French fiction
Source of term SNKPHeng
700 1# - ADDED ENTRY--PERSONAL NAME
Personal name Ostrihoňová, Aňa,
Dates associated with a name 1980-
Relationship trl
830 #0 - SERIES ADDED ENTRY--UNIFORM TITLE
Uniform title Pro libris
910 ## - USER-OPTION DATA (OCLC)
User-option data ttkjf
910 ## - USER-OPTION DATA (OCLC)
User-option data totk
910 ## - USER-OPTION DATA (OCLC)
User-option data sllk
942 ## - ADDED ENTRY ELEMENTS (KOHA)
Source of classification or shelving scheme Dewey Decimal Classification
Koha item type Krásna literatúra pre dospelých
Suppress in OPAC No
949 ## - LOCAL PROCESSING INFORMATION (OCLC)
6 17A1131849
a snkSC 161908
b snk2014/25958
o 2499/14
s 6100:20140925
949 ## - LOCAL PROCESSING INFORMATION (OCLC)
6 17A1131850
a snkSC 161908 D1
b snk2014/25959
o 2499/14
949 ## - LOCAL PROCESSING INFORMATION (OCLC)
6 2889217572
a savukM 116571
b savuk2014/4663
949 ## - LOCAL PROCESSING INFORMATION (OCLC)
6 270001000478449
a svkbbA 143247
b svkbbm 749512
949 ## - LOCAL PROCESSING INFORMATION (OCLC)
6 273K0594462
a svkpoA 227269
b svkpo591391
Holdings
Stav vyradenia Strata Poškodenie Spôsob nadobudnutia Domovská knižnica Aktuálna knižnica Dátum nadobudnutia Total checkouts Čiarový kód exemplára Date last seen Typ exemplára
      Dar Obecná knižnica Horná Štubňa Obecná knižnica Horná Štubňa 20.03.2026   9788089737024 20.03.2026 Krásna literatúra pre dospelých
Projekt je podporený Slovenskou asociáciou knižníc
Prevádzkuje Turčianska knižnica Martin 2026